[Event "Oberliga Bayern 1819"]
[Site "Bayern"]
[Date "2018.11.25"]
[Round "3.7"]
[White "Schreiner, Richard"]
[Black "Schmahl, Stephan"]
[Result "1-0"]
[WhiteElo "2132"]
[BlackElo "2127"]
[PlyCount "79"]
[EventDate "2018.10.21"]
[EventType "team-tourn"]
[EventRounds "9"]
[EventCountry "GER"]
[SourceTitle "EXT 2020"]
[Source "ChessBase"]
[SourceDate "2019.10.17"]
[SourceVersion "1"]
[SourceVersionDate "2019.10.17"]
[SourceQuality "1"]
[WhiteTeam "Garching II"]
[BlackTeam "Regensburg Bavaria"]
[WhiteTeamCountry "GER"]
[BlackTeamCountry "GER"]

1. d4 g6 2. e4 Bg7 3. c4 d6 4. Nc3 Nf6 5. f3 0-0 6. Be3 c5 7. Nge2 Nc6 8. d5 Ne5 9. Nc1 e6 10. Be2 exd5 11. cxd5 a6 12. a4 Bd7 13. 0-0 b5 14. axb5 axb5 15. Rxa8 Qxa8 16. b4 cxb4 17. Nxb5 Bxb5 18. Bxb5 Rb8 19. Be2 b3 20. Bd4 b2 21. Nb3 Qa2 22. Nd2 Ned7 23. Nb1 Bh6 24. Qc2 Nh5 25. g3 Bg7 26. Bf2 Qb3 27. Qc7 Nhf6 28. Qxd6 Bf8 29. Qc7 Rb7 30. Qc6 Bg7 31. Kg2 h5 32. Rd1 Kh7 33. Rd3 Qb5 34. Rd2 Qb3 35. Bd1 Qb4 36. Rd4 Qb6 37. Rc4 Ne5 38. Bxb6 Nxc6 39. dxc6 Rxb6 40. c7 1-0

[Event "Landesliga Sued 1617"]
[Site "Bayern"]
[Date "2016.11.20"]
[Round "2.7"]
[White "Schreiner, Richard"]
[Black "Klenk, Robert"]
[Result "1-0"]
[WhiteElo "2125"]
[BlackElo "1997"]
[PlyCount "81"]
[EventDate "2016.10.16"]
[EventType "team-tourn"]
[EventRounds "9"]
[EventCountry "GER"]
[SourceTitle "EXT 2019"]
[Source "ChessBase"]
[SourceDate "2018.10.10"]
[SourceVersion "1"]
[SourceVersionDate "2018.10.10"]
[SourceQuality "1"]
[WhiteTeam "Garching II"]
[BlackTeam "Muenchen Tarrasch"]
[WhiteTeamCountry "GER"]
[BlackTeamCountry "GER"]

1. d4 d5 2. c4 e6 3. Nf3 Nf6 4. g3 dxc4 5. Qa4+ Bd7 6. Qxc4 Bc6 7. Bg2 Nbd7 8. 0-0 Bd5 9. Qd3 Be4 10. Qd1 c5 11. Nc3 Bc6 12. Be3 Be7 13. h3 0-0 14. Rc1 Qa5 15. a3 Rfd8 16. Qc2 cxd4 17. Bxd4 Rac8 18. Qb1 Qa6 19. Rfd1 h6 20. e4 b6 21. Be3 Qb7 22. Nd4 e5 23. Nxc6 Rxc6 24. Nd5 Nxd5 25. Rxd5 Qc7 26. Rxc6 Qxc6 27. Qd1 Qc7 28. f4 Nf6 29. Rxd8+ Qxd8 30. Qc2 Nd7 31. b4 Bf6 32. Bf1 Nf8 33. f5 Bg5 34. Bf2 Qd2 35. Qb3 Qc1 36. Kg2 Qc6 37. Kf3 Bd2 38. Bc4 Qd7 39. Qb2 Bg5 40. Qxe5 Bc1 41. Bd4 1-0